000 00280nam a2200109Ia 4500
008 220204s9999 xx 000 0 und d
082 _a66:543
_bYOU
100 _aYoung, Roland S
245 0 _aIndustrial inorganic analysis
260 _aLondon
_bChapman and Hall
_c1953
942 _cBK
999 _c19325
_d19325